Missing Word: 7-Letter History (A-Z) Quiz Stats

 Plays Quiz Updated May 6, 2015

Challenge
Share
Tweet
Embed
Score 0/26 Timer 04:00
2 Plays Today
Hint Answer % Correct
Abraham ____ - US PresidentLincoln
98.3%
John F. ____ - US PresidentKennedy
97.1%
____ Roosevelt - US First LadyEleanor
94.1%
____ Wilson - US PresidentWoodrow
93%
____ Khan - Mongol emperorGenghis
87.9%
Boris ____ - President of RussiaYeltsin
85.6%
Simón ____ - Revolutionary leaderBolívar
83.9%
____ War - 1955-1975Vietnam
79.5%
Great Leap ____ - 1958-1961Forward
75.3%
Leon ____ - Russian RevolutionaryTrotsky
75.1%
Jean-____ Rousseau - philosopherJacques
66.8%
____ Aquino - President of the PhilippinesCorazon
53%
____ Line - WWII fortificationMaginot
47.8%
Hint Answer % Correct
Greco-____ Wars - 499-449 BCEPersian
46.6%
____ Civil War - 1990-1994Rwandan
46.4%
____ Revolution - 1979Iranian
46.1%
Salvador ____ - President of ChileAllende
46%
Treaty of ____ - 1713Utrecht
36.6%
____ Machiavelli - Renaissance authorNiccolò
34.1%
____ Revolution - 1791–1804Haitian
25.1%
Baruch ____ - Dutch philosopherSpinoza
16%
Empress ____ CixiDowager
15.6%
____ Matsys - Flemish painterQuentin
8.9%
____ - Queen of PalmyraZenobia
8.2%
____ Equiano - abolitionistOlaudah
4.2%
Hong ____ - Taiping Rebellion leaderXiuquan
2.5%

Today's Daily Dose

You're not logged in!

Compare scores with friends on all Sporcle quizzes.
Join for Free
OR
Log In

You Might Also Like...

Show Comments

Extras

Top Quizzes Today


Score Distribution

Your Account Isn't Verified!

In order to create a playlist on Sporcle, you need to verify the email address you used during registration. Go to your Sporcle Settings to finish the process.

Report this User

Report this user for behavior that violates our Community Guidelines.

Details: